Redefining "Race" in North America /
Uloženo v:
| Hlavní autor: | |
|---|---|
| Médium: | Text |
| Tagy: |
Přidat tag
Žádné tagy, Buďte první, kdo vytvoří štítek k tomuto záznamu!
|
MARC
| LEADER | 00000 a a2200000 04500 | ||
|---|---|---|---|
| 001 | 4789 | ||
| 003 | |||
| 040 | |||
| 100 | |a Kretsedemas, Phillp | ||
| 245 | |a Redefining "Race" in North America / |c Phillp Kretsedemas | ||
| 773 | |g volumen 56, número 6; páginas 826-844 | ||
| 999 | |c 21881 |d 21881 | ||
| 773 | 0 | |0 18701 |9 10526 |d Los Angeles: SAGE Publications |o 05978 |t Current Sociology / |x 00113921 | |
